000 00752na a2200229 4500
001 13725
003 MIRAKIL
005 20181213155122.0
008 161025b tu 000 0
035 _a13725
040 _aMilas
_btur
_cTR-AnCHP
041 _atur
082 _a305.908
_bÖ99i 2005
090 _a305.908 Ö99i2005
111 _aÖzürlüler Şurası
_cAnkara
_d26-28 Eylül 2005
_nII.
245 _aII. Özürlüler Şurası
_byerel yönetimler ve özürlüler
_cT.C. Başbakanlık Özürlüler İdaresi Başkanlığı
246 _aYerel yönetimler ve özürlüler
260 _aAnkara
_bÖzürlüler İdaresi Başkanlığı
_c2005
300 _a258 s.
_c24 sm.
650 _aEngelliler
_yToplantılar
_zTürkiye
942 _2ddc
_cBKS
999 _c6877
_d6877